[Event "Titled Tuesday intern op 18th Jul Early"]
[Site "Chess.com INT"]
[Date "2023.07.18"]
[Round "7"]
[White "Vaibhav, Jayant Raut"]
[Black "Hrebenshchykova, Yelyzaveta"]
[Result "1-0"]
[WhiteElo "2218"]
[BlackElo "2340"]
[PlyCount "105"]
[EventDate "2023.07.18"]
[EventType "swiss (blitz)"]
[EventRounds "11"]
[EventCountry "USA"]
[SourceTitle "EXT 2024"]
[Source "ChessBase"]
[SourceDate "2023.10.10"]
[SourceVersion "1"]
[SourceVersionDate "2023.10.10"]
[SourceQuality "1"]

1. e4 c5 2. Nf3 e6 3. d4 cxd4 4. Nxd4 Nc6 5. Nc3 d6 6. Be3 Nf6 7. Qd2 a6 8. f3 h5 9. 0-0-0 Bd7 10. Qf2 b5 11. Bxb5 axb5 12. Ndxb5 Be7 13. Bb6 Qb8 14. Nc7+ Kf8 15. Nxa8 Qxa8 16. Rd2 Qb7 17. Rhd1 Ne5 18. Qd4 Qc6 19. b3 g5 20. Ba5 Kg7 21. Qb6 Qxb6 22. Bxb6 Rc8 23. Bd4 Be8 24. Ne2 Nfd7 25. h4 f6 26. f4 gxf4 27. Nxf4 Bf7 28. a4 Nc5 29. Bxc5 Rxc5 30. Nd3 Nxd3+ 31. Rxd3 d5 32. exd5 exd5 33. Rg3+ Kh7 34. Rf3 Bg6 35. c3 Be4 36. Re3 Bd6 37. Kb2 Bf4 38. Rh3 Kg6 39. b4 Rc7 40. a5 Be5 41. Re3 Bf5 42. Rxd5 Be6 43. Rdxe5 fxe5 44. Rxe5 Bf5 45. a6 Kf6 46. Ra5 Be4 47. b5 Rc8 48. g3 Ke6 49. c4 Kd6 50. b6 Re8 51. Rxh5 Kc6 52. Rh6+ Kc5 53. b7 1-0